Normal view
MARC view
- Sarvar Lāhaurī, G̲h̲ulām,
Entry Personal Name
001 - CONTROL NUMBER
- control field: 4504
003 - CONTROL NUMBER IDENTIFIER
- control field: NUST
005 - DATE AND TIME OF LATEST TRANSACTION
- control field: 20170830154425.0
008 - FIXED-LENGTH DATA ELEMENTS
- fixed length control field: 170830|| aca||aabn | a|a d
040 ## - CATALOGING SOURCE
- Original cataloging agency: NUST
- Transcribing agency: NUST
100 ## - HEADING--PERSONAL NAME
- Personal name: Sarvar Lāhaurī, G̲h̲ulām,
- Dates associated with a name: 1837-1890.
670 ## - SOURCE DATA FOUND
- Source citation: Work cat.: (NUST)0: Sarvar Lāhaurī, G̲h̲ulām, 1837-1890., Tarīk̲h̲-i mak̲h̲zan-i Panjāb /, 1996.
